000 00365nam a2200169Ia 4500
008 100917s9999 xx 000 0 und d
082 _b26798
100 _a---
245 _aकणव
260 _b---
365 _b7
520 _aकादंबरी
630 _aकणव
650 _aकादंबरी
730 _aकणव
942 _cBOOK
999 _c632192
_d632189